Liedtext Digimon- Die Hyper Spirit Digitation - Statistiken

Allgemein
  • Dieses Quiz wurde 21 mal gespielt
  • Das Durchschnittsergebnis liegt bei 171 aus 266
Antwortstatistiken
Answerun % Korrekt
die
100%
Die
100%
Digitation
93%
du
93%
Du
93%
Hyper
93%
wir
93%
Wir
93%
der
87%
Der
87%
ja
87%
Spirit
87%
und
87%
Und
87%
da
80%
das
80%
Das
80%
den
80%
Ein
80%
ein
80%
einfach
80%
Es
80%
es
80%
so
80%
wie
80%
kämpfen
73%
sagst
73%
uns
73%
was
73%
wird
73%
zu
73%
bereit
67%
für
67%
gehen
67%
jetzt
67%
kommt
67%
sind
67%
werden
67%
alle
60%
Aus
60%
aus
60%
doch
60%
geben
60%
ist
60%
neu
60%
schon
60%
von
60%
Weg
60%
Welt
60%
Zukunft
60%
alles
53%
Beste
53%
beste
53%
dein
53%
Dein
53%
Denn
53%
dir
53%
führt
53%
gehört
53%
Gerechtigkeit
53%
gibt
53%
Gründe
53%
halten
53%
hinterher
53%
immer
53%
in
53%
jagen
53%
Kann
53%
kann
53%
kennst
53%
mit
53%
nur
53%
schreiben
53%
Show
53%
siegreiche
53%
Traum
53%
um
53%
uns´rem
53%
viele
53%
Wohin
53%
auch
47%
bindet
47%
bleiben
47%
Wozu
47%
Eis
47%
Feuer
47%
hast
47%
Legenden
47%
Mut
47%
neue
47%
Träumen
47%
unseren
47%
Wind
47%
zählt
47%
allem
40%
gewählt
40%
Herz
40%
klar
40%
nie
40%
plötzlich
40%
selbst
40%
Spur
40%
starten
40%
treu
40%
verändern
40%
wirst
40%
Elementen
33%
entstehen
33%
Freiheit
33%
ganz
33%
Gold
33%
Hand
33%
hinterlassen
33%
Licht
33%
nimmst
33%
seh´n
33%
verlieren
33%
Verstand
33%
wieder
33%
aktivieren
27%
allen
27%
Chance
27%
eines
27%
endlich
27%
geh´n
27%
messen
27%
Seelen
27%
sich
27%
vergessen
27%
wählen
27%
Wille
27%
zeigt
27%
1000
13%
Tages
13%
Keine übereinstimmenden Quizze gefunden
Verteilung der Resultate
Anzahl Personen mit jedem Resultat
Perzentil nach korrekt beantworteten Fragen
Ihre Resultats-Entwicklung
Sie haben dieses Quiz noch nicht gespielt